00791cam a22002291 4500001001300000003000400013005001700017008004100034010001700075040003600092050001700128082001000145100003200155245005800187260003900245300002300284440010300307504009400410504003100504650001100535999001500546af 48000058 DLC20260227110841.0780131s1945 ge b 000 0 ger c aaf 48000058  aHarvard Univ. LibrarycDLCdDLC00aPN1664b.P3600a808.21 aPetsch, Robert,d1875-1945.10aWesen und Formen des Dramas;ballgemeine Dramaturgie. aHalle (Saale)bM. Niemeyer,c1945. axv, 478 p.c25 cm. 0aDeutsche Vierteljahrsschrift für Literaturwissenschaft und Geistesgeschichte. Buchreihe,v29 Bd. a"Verzeichnis der ... benutzten und angeführten Schriften des Verfassers": p. [465]-466. aBibliographical footnotes. 0aDrama. c3911d3911